Inorganic chemistry (Record no. 2007)

MARC details
000 -LEADER
fixed length control field 00529nam a22001937a 4500
003 - CONTROL NUMBER IDENTIFIER
control field OSt
005 - DATE AND TIME OF LATEST TRANSACTION
control field 20150610195144.0
008 - FIXED-LENGTH DATA ELEMENTS--GENERAL INFORMATION
fixed length control field 150610b xxu||||| |||| 00| 0 eng d
020 ## - INTERNATIONAL STANDARD BOOK NUMBER
International Standard Book Number 8122414621
040 ## - CATALOGING SOURCE
Transcribing agency DDC
082 ## - DEWEY DECIMAL CLASSIFICATION NUMBER
Edition number 22nd ed.
Classification number 546 CHA 2003
100 ## - MAIN ENTRY--PERSONAL NAME
Personal name Chakrabarty, D.K.
9 (RLIN) 5233
245 ## - TITLE STATEMENT
Title Inorganic chemistry
260 ## - PUBLICATION, DISTRIBUTION, ETC. (IMPRINT)
Place of publication, distribution, etc. Delhi;
Name of publisher, distributor, etc. New Age international
Date of publication, distribution, etc. 2003
300 ## - PHYSICAL DESCRIPTION
Extent xii,383p
Other physical details ill:
Dimensions 24cm
504 ## - BIBLIOGRAPHY, ETC. NOTE
Bibliography, etc Bibliography, appendices, & index included
650 ## - SUBJECT ADDED ENTRY--TOPICAL TERM
Topical term or geographic name as entry element Inorganic chemistry
9 (RLIN) 799
942 ## - ADDED ENTRY ELEMENTS (KOHA)
Source of classification or shelving scheme Other/Generic Classification Scheme
Koha item type Open Shelf
Holdings
Withdrawn status Lost status Source of classification or shelving scheme Damaged status Not for loan Home library Current library Date acquired Source of acquisition Inventory number Total Checkouts Full call number Barcode Date last seen Date last checked out Koha item type
    Dewey Decimal Classification     MUST Main Library MUST Main Library 10/06/2015   15/39199 4 546 CHA 2003 2015-1817 17/03/2022 02/03/2022 Open Shelf
    Dewey Decimal Classification     MUST Main Library MUST Main Library 10/06/2015 Purchase 15/39200 2 546 CHA 2003 2015-1818 21/11/2016 28/09/2016 Open Shelf